Statistics for Top 20 NHL Defensemen 2022

Click here to take the quiz!

General Stats

  • This quiz has been taken 847 times
    (466 since last reset)
  • The average score is 17 of 20

Answer Stats

#TeamDefenseman% Correct
1AvalancheCale Makar
99%
2LightningVictor Hedman
97%
4RangersAdam Fox
94%
3PredatorsRoman Josi
94%
6PenguinsKris Letang
92%
5BruinsCharlie McAvoy
91%
12CanucksQuinn Hughes
87%
7PanthersAaron Ekblad
85%
18SabresRasmus Dahlin
85%
17KingsDrew Doughty
83%
9CapitalsJohn Carlson
83%
10StarsMiro Heiskanen
80%
11Red WingsMoritz Seider
78%
8AvalancheDevon Toews
77%
19Golden KnightsAlex Pietrangelo
75%
14Maple LeafsMorgan Rielly
75%
13HurricanesJaccob Slavin
73%
16Blue JacketsZach Werenski
72%
15Golden KnightsShea Theodore
70%
20HurricanesBrent Burns
62%

Score Distribution

Percentile by Number Answered

Percent of People with Each Score

Your Score History

You have not taken this quiz since the last reset